| 000 | 00794nam a2200265Ia 4500 | ||
|---|---|---|---|
| 008 | 160803s9999 xx 000 0 und d | ||
| 020 | _a0 439590760 | ||
| 100 | _aNumerroff, Laura | ||
| 245 | _aLaura Numeroff's 10-step guide to living with your monster / | ||
| 245 | _cLaura Joffe Numeroff; illustrated by Nate Evans. | ||
| 260 | _aNew York : | ||
| 260 | _bScholastic Inc. | ||
| 260 | _c2002 | ||
| 300 | _a1 volume (unpaged) : | ||
| 300 | _bcolor illustrations ; | ||
| 300 | _c28 cm | ||
| 500 | _aReprint: Originally published: New York : Laura Geringer Books, ©2002. | ||
| 650 | _aHumorous stories -- | ||
| 650 | _aMonsters -- | ||
| 650 | _aPets -- | ||
| 650 | _xJuvenile fiction. | ||
| 650 | _xJuvenile fiction. | ||
| 650 | _xJuvenile fiction. | ||
| 700 | _a450 | ||
| 999 |
_c298934 _d298934 |
||